000
00319nam a22001337a 4500
008
170620b xxu||||| |||| 00| 0 eng d
020
_a
9789951550161
041
_a
ALB
080
_a
616.12
100
_a
7
101
_a
SHM
245
_a
REANIMACIONI KARDIOPLMUNAL AED- ARRESTI KARDIAK
_c
LENJANI, B
942
_2
udc
_c
BK
999
_c
18268
_d
18268